[Event "U14 Polish Youth Championship"]
[Site "chess24.com"]
[Date "2018.05.05"]
[Round "9"]
[White "Skurniak, Szymon"]
[Black "Panek, Bartosz"]
[Result "0-1"]
[Board "10"]
[WhiteElo "1821"]
[WhiteCountry "POL"]
[WhiteFideId "21805571"]
[WhiteEloChange "-14"]
[BlackElo "1688"]
[BlackCountry "POL"]
[BlackFideId "1198220"]
[BlackEloChange "14"]

1. e4 {[%clk 1:30:58]} c6 {[%clk 1:30:55]} 2. d4 {[%clk 1:31:23]} d5 {[%clk
1:31:22]} 3. e5 {[%clk 1:31:50]} Bf5 {[%clk 1:31:48]} 4. h4 {[%clk 1:32:16]} h5
{[%clk 1:30:35]} 5. c4 {[%clk 1:32:40]} e6 {[%clk 1:29:44]} 6. Nc3 {[%clk
1:33:09]} Be7 {[%clk 1:30:06]} 7. cxd5 {[%clk 1:29:27]} exd5 {[%clk 1:30:05]} 8.
Bd3 {[%clk 1:29:16]} Bxd3 {[%clk 1:25:43]} 9. Qxd3 {[%clk 1:29:45]} Na6 {[%clk
1:22:48]} 10. e6 {[%clk 1:27:47]} fxe6 {[%clk 1:17:21]} 11. Qg6+ {[%clk 1:27:59]}
Kd7 {[%clk 1:15:17]} 12. Qxg7 {[%clk 1:18:45]} Nf6 {[%clk 1:15:36]} 13. Nf3
{[%clk 1:07:17]} Qg8 {[%clk 1:08:56]} 14. Ne5+ {[%clk 1:06:57]} Ke8 {[%clk
1:09:07]} 15. Qg5 {[%clk 1:04:46]} Nd7 {[%clk 0:54:38]} 16. Qg6+ {[%clk 1:02:26]}
Qxg6 {[%clk 0:55:00]} 17. Nxg6 {[%clk 1:02:55]} Rh7 {[%clk 0:55:20]} 18. Nxe7
{[%clk 0:56:33]} Kxe7 {[%clk 0:53:03]} 19. Bg5+ {[%clk 0:56:34]} Nf6 {[%clk
0:53:13]} 20. Kd2 {[%clk 0:41:26]} Rf7 {[%clk 0:51:24]} 21. Rhe1 {[%clk 0:39:42]}
Kd7 {[%clk 0:50:13]} 22. f3 {[%clk 0:26:34]} Nh7 {[%clk 0:47:15]} 23. Re5 {[%clk
0:26:00]} Rg8 {[%clk 0:46:58]} 24. Rae1 {[%clk 0:22:17]} Nc7 {[%clk 0:47:06]} 25.
Ne2 {[%clk 0:18:44]} Nf8 {[%clk 0:41:57]} 26. Re3 {[%clk 0:12:20]} Nb5 {[%clk
0:41:26]} 27. Kd3 {[%clk 0:11:29]} Nd6 {[%clk 0:41:45]} 28. Ng3 {[%clk 0:08:34]}
Nf5 {[%clk 0:38:38]} 29. Nxf5 {[%clk 0:07:04]} Rxf5 {[%clk 0:38:57]} 30. Bh6
{[%clk 0:06:39]} Rxg2 {[%clk 0:35:45]} 31. Bxf8 {[%clk 0:07:05]} Rxf8 {[%clk
0:36:08]} 32. R1e2 {[%clk 0:06:45]} Rxe2 {[%clk 0:36:25]} 33. Kxe2 {[%clk
0:07:13]} Rf4 {[%clk 0:36:47]} 34. Kf2 {[%clk 0:06:32]} Rxh4 {[%clk 0:36:32]} 35.
Re5 {[%clk 0:06:35]} Rxd4 {[%clk 0:36:34]} 36. Rxh5 {[%clk 0:06:52]} Rd2+ {[%clk
0:36:59]} 37. Ke3 {[%clk 0:07:14]} Rxb2 {[%clk 0:37:18]} 38. Kf4 {[%clk 0:07:36]}
Rxa2 {[%clk 0:35:19]} 39. Rh7+ {[%clk 0:08:00]} Kd6 {[%clk 0:35:43]} 40. Rxb7
{[%clk 0:08:20]} a5 {[%clk 0:36:09]} 41. Kg5 {[%clk 0:08:33]} a4 {[%clk 0:36:22]}
42. f4 {[%clk 0:08:58]} Ra1 {[%clk 0:36:34]} 43. f5 {[%clk 0:09:20]} exf5 {[%clk
0:36:54]} 44. Ra7 {[%clk 0:09:32]} a3 {[%clk 0:37:20]} 45. Kf6 {[%clk 0:09:46]}
f4 {[%clk 0:37:40]} 46. Kf7 {[%clk 0:10:12]} f3 {[%clk 0:38:01]} 47. Ke8 {[%clk
0:10:39]} f2 {[%clk 0:38:19]} 48. Rf7 {[%clk 0:11:02]} f1Q {[%clk 0:38:29]} 49.
Rf6+ {[%clk 0:11:20]} Kc5 {[%clk 0:38:44]} 50. Rh6 {[%clk 0:11:34]} Re1+ {[%clk
0:38:59]} 51. Kd8 {[%clk 0:11:58]} Qf8+ {[%clk 0:39:20]} 52. Kc7 {[%clk 0:12:21]}
Re7# {[%clk 0:39:44]} 0-1

[Event "U14 Polish Youth Championship"]
[Site "chess24.com"]
[Date "2018.05.05"]
[Round "9"]
[White "Cwiek, Ryszard"]
[Black "Skawinski, Szymon"]
[Result "1/2-1/2"]
[Board "11"]
[WhiteElo "1809"]
[WhiteCountry "POL"]
[WhiteFideId "21840920"]
[WhiteEloChange "-8"]
[BlackElo "1399"]
[BlackCountry "POL"]
[BlackFideId "21802149"]
[BlackEloChange "8"]

1. e4 {[%clk 1:30:54]} e5 {[%clk 1:30:52]} 2. Nf3 {[%clk 1:30:46]} Nc6 {[%clk
1:31:09]} 3. Nc3 {[%clk 1:30:15]} Nf6 {[%clk 1:30:52]} 4. d4 {[%clk 1:29:22]}
exd4 {[%clk 1:30:51]} 5. Nxd4 {[%clk 1:29:29]} Bb4 {[%clk 1:31:00]} 6. Nxc6
{[%clk 1:28:14]} bxc6 {[%clk 1:31:10]} 7. Bd3 {[%clk 1:27:25]} d5 {[%clk
1:30:58]} 8. exd5 {[%clk 1:26:54]} cxd5 {[%clk 1:31:18]} 9. O-O {[%clk 1:26:13]}
O-O {[%clk 1:31:26]} 10. Bg5 {[%clk 1:25:14]} c6 {[%clk 1:30:55]} 11. Na4 {[%clk
1:21:50]} Bd6 {[%clk 1:27:32]} 12. h3 {[%clk 1:20:25]} h6 {[%clk 1:24:55]} 13.
Be3 {[%clk 1:18:02]} Qa5 {[%clk 1:18:49]} 14. b3 {[%clk 1:08:32]} Be6 {[%clk
1:10:33]} 15. Qd2 {[%clk 1:04:05]} Qxd2 {[%clk 1:07:51]} 16. Bxd2 {[%clk
1:04:32]} c5 {[%clk 1:04:58]} 17. c4 {[%clk 0:58:39]} dxc4 {[%clk 1:01:57]} 18.
bxc4 {[%clk 0:56:53]} Rab8 {[%clk 0:57:23]} 19. Be3 {[%clk 0:51:19]} Nd7 {[%clk
0:53:45]} 20. Rab1 {[%clk 0:46:58]} Rfc8 {[%clk 0:52:11]} 21. f4 {[%clk 0:36:39]}
f6 {[%clk 0:46:13]} 22. Rb3 {[%clk 0:32:07]} Rb4 {[%clk 0:40:48]} 23. Rxb4 {[%clk
0:30:40]} cxb4 {[%clk 0:41:08]} 24. Rc1 {[%clk 0:30:24]} Nc5 {[%clk 0:41:02]} 25.
Nxc5 {[%clk 0:30:17]} Bxc5 {[%clk 0:41:25]} 26. Kf2 {[%clk 0:29:50]} Kf7 {[%clk
0:40:44]} 27. Bxc5 {[%clk 0:28:23]} Rxc5 {[%clk 0:41:07]} 28. Ke3 {[%clk
0:28:14]} Ke7 {[%clk 0:40:55]} 29. Kd4 {[%clk 0:28:17]} Kd6 {[%clk 0:41:20]} 30.
Rb1 {[%clk 0:28:10]} a5 {[%clk 0:41:28]} 1/2-1/2

[Event "U14 Polish Youth Championship"]
[Site "chess24.com"]
[Date "2018.05.05"]
[Round "9"]
[White "Kania, Dominik"]
[Black "Iwaszkiewicz, Krzysztof"]
[Result "1-0"]
[Board "12"]
[WhiteElo "1758"]
[WhiteCountry "POL"]
[WhiteFideId "21845204"]
[WhiteEloChange "4"]
[BlackElo "1530"]
[BlackCountry "POL"]
[BlackFideId "21810222"]
[BlackEloChange "-4"]

1. d4 {[%clk 1:30:58]} d5 {[%clk 1:30:56]} 2. Bf4 {[%clk 1:31:22]} c6 {[%clk
1:31:09]} 3. c4 {[%clk 1:30:19]} Nf6 {[%clk 1:31:28]} 4. Nc3 {[%clk 1:30:38]} e6
{[%clk 1:30:27]} 5. e3 {[%clk 1:30:32]} Bd6 {[%clk 1:29:55]} 6. Bg3 {[%clk
1:30:10]} O-O {[%clk 1:30:18]} 7. Nf3 {[%clk 1:29:18]} Bxg3 {[%clk 1:28:40]} 8.
hxg3 {[%clk 1:29:36]} Nbd7 {[%clk 1:28:58]} 9. Bd3 {[%clk 1:28:49]} Qe7 {[%clk
1:23:33]} 10. Ne5 {[%clk 1:27:49]} dxc4 {[%clk 1:22:01]} 11. Nxd7 {[%clk
1:26:32]} Bxd7 {[%clk 1:22:11]} 12. Bxh7+ {[%clk 1:25:47]} Nxh7 {[%clk 1:22:05]}
13. Qh5 {[%clk 1:26:14]} f6 {[%clk 1:20:57]} 14. Qxh7+ {[%clk 1:26:36]} Kf7
{[%clk 1:21:23]} 15. Qh5+ {[%clk 1:17:57]} Kg8 {[%clk 1:19:38]} 16. O-O-O {[%clk
1:10:48]} Qe8 {[%clk 1:17:57]} 17. Qh7+ {[%clk 1:09:06]} Kf7 {[%clk 1:18:17]} 18.
Ne4 {[%clk 1:08:40]} Qb8 {[%clk 1:13:23]} 19. Rh6 {[%clk 1:05:32]} Ke7 {[%clk
1:05:56]} 20. Rg6 {[%clk 1:00:11]} Rf7 {[%clk 1:01:00]} 21. Rxg7 {[%clk 1:00:08]}
Qf8 {[%clk 1:01:00]} 22. Rxf7+ {[%clk 1:00:02]} Qxf7 {[%clk 1:01:24]} 23. Rh1
{[%clk 1:00:06]} Rf8 {[%clk 1:01:29]} 24. Rh6 {[%clk 0:57:26]} f5 {[%clk
0:56:58]} 25. Nd2 {[%clk 0:54:22]} b5 {[%clk 0:56:22]} 26. Nf3 {[%clk 0:54:15]}
Qxh7 {[%clk 0:53:14]} 27. Rxh7+ {[%clk 0:53:15]} Rf7 {[%clk 0:53:38]} 28. Rh8
{[%clk 0:51:12]} Rf8 {[%clk 0:53:54]} 29. Rxf8 {[%clk 0:50:31]} Kxf8 {[%clk
0:54:18]} 30. Ne5 {[%clk 0:50:56]} Ke7 {[%clk 0:54:42]} 31. Kd2 {[%clk 0:51:05]}
a5 {[%clk 0:55:01]} 32. Kc3 {[%clk 0:46:09]} Kd6 {[%clk 0:54:48]} 33. g4 {[%clk
0:46:09]} fxg4 {[%clk 0:55:00]} 34. Nxg4 {[%clk 0:46:27]} c5 {[%clk 0:54:42]} 35.
Ne5 {[%clk 0:44:46]} Bc6 {[%clk 0:54:26]} 36. Nxc6 {[%clk 0:34:44]} Kxc6 {[%clk
0:53:41]} 37. a4 {[%clk 0:35:08]} bxa4 {[%clk 0:51:24]} 38. Kxc4 {[%clk 0:35:28]}
cxd4 {[%clk 0:51:42]} 39. exd4 {[%clk 0:35:45]} 1-0

[Event "U14 Polish Youth Championship"]
[Site "chess24.com"]
[Date "2018.05.05"]
[Round "9"]
[White "Dzida, Kamil"]
[Black "Kacprzak, Kacper"]
[Result "0-1"]
[Board "13"]
[WhiteElo "1938"]
[WhiteCountry "POL"]
[WhiteFideId "21828652"]
[WhiteEloChange "-17"]
[BlackElo "1668"]
[BlackCountry "POL"]
[BlackFideId "21819319"]
[BlackEloChange "17"]

1. e4 {[%clk 1:30:59]} e6 {[%clk 1:29:04]} 2. d4 {[%clk 1:31:24]} d5 {[%clk
1:29:24]} 3. Nc3 {[%clk 1:31:49]} Bb4 {[%clk 1:29:50]} 4. e5 {[%clk 1:32:16]} c5
{[%clk 1:30:13]} 5. a3 {[%clk 1:32:43]} Bxc3+ {[%clk 1:30:39]} 6. bxc3 {[%clk
1:33:09]} Ne7 {[%clk 1:31:03]} 7. Qg4 {[%clk 1:33:34]} Kf8 {[%clk 1:26:36]} 8.
Bd2 {[%clk 1:33:59]} Nbc6 {[%clk 1:26:47]} 9. Nf3 {[%clk 1:33:57]} Qa5 {[%clk
1:27:03]} 10. h4 {[%clk 1:32:35]} Qa4 {[%clk 1:27:13]} 11. Rc1 {[%clk 1:32:42]}
b6 {[%clk 1:25:26]} 12. h5 {[%clk 1:31:16]} h6 {[%clk 1:25:51]} 13. Rh3 {[%clk
1:27:36]} Ba6 {[%clk 1:25:22]} 14. Bxa6 {[%clk 1:26:17]} Qxa6 {[%clk 1:25:34]}
15. Nh4 {[%clk 1:26:10]} Qc4 {[%clk 1:20:42]} 16. Qf4 {[%clk 1:24:10]} cxd4
{[%clk 1:00:45]} 17. Rf3 {[%clk 1:20:21]} Nf5 {[%clk 1:00:47]} 18. Nxf5 {[%clk
1:19:53]} exf5 {[%clk 1:01:12]} 19. e6 {[%clk 1:12:43]} fxe6 {[%clk 0:52:55]} 20.
Qd6+ {[%clk 1:12:51]} Kf7 {[%clk 0:53:16]} 21. cxd4 {[%clk 1:07:18]} Rhd8 {[%clk
0:52:14]} 22. Qc7+ {[%clk 1:06:32]} Ne7 {[%clk 0:52:39]} 23. Qg3 {[%clk 1:03:19]}
Rac8 {[%clk 0:47:05]} 24. c3 {[%clk 1:02:19]} a5 {[%clk 0:41:26]} 25. Re3 {[%clk
0:58:58]} Rc6 {[%clk 0:39:42]} 26. Qe5 {[%clk 0:58:03]} g5 {[%clk 0:38:32]} 27.
hxg6+ {[%clk 0:55:15]} Nxg6 {[%clk 0:38:58]} 28. Qh2 {[%clk 0:55:36]} Rcc8 {[%clk
0:38:08]} 29. Rg3 {[%clk 0:52:44]} Rh8 {[%clk 0:35:31]} 30. Qh5 {[%clk 0:52:30]}
Rcg8 {[%clk 0:35:57]} 31. Rf3 {[%clk 0:52:07]} Kg7 {[%clk 0:33:30]} 32. Rg3
{[%clk 0:51:47]} Kf7 {[%clk 0:32:09]} 33. Bf4 {[%clk 0:49:34]} Qc8 {[%clk
0:31:16]} 34. Be5 {[%clk 0:49:38]} Rh7 {[%clk 0:31:39]} 35. Rb1 {[%clk 0:47:42]}
Qc6 {[%clk 0:31:46]} 36. Kf1 {[%clk 0:45:23]} b5 {[%clk 0:25:02]} 37. Kg1 {[%clk
0:45:08]} a4 {[%clk 0:25:25]} 38. Rd1 {[%clk 0:41:55]} Qe8 {[%clk 0:25:49]} 39.
Rdd3 {[%clk 0:40:41]} Ke7 {[%clk 0:25:51]} 40. Rge3 {[%clk 0:40:05]} Nxe5 {[%clk
0:25:59]} 41. Qh4+ {[%clk 0:40:18]} Kd7 {[%clk 0:25:40]} 42. Rxe5 {[%clk
0:40:00]} Rg4 {[%clk 0:25:59]} 43. Qh3 {[%clk 0:39:48]} Rhg7 {[%clk 0:24:40]} 44.
g3 {[%clk 0:39:03]} R7g6 {[%clk 0:22:48]} 45. Kf1 {[%clk 0:36:57]} Qc8 {[%clk
0:22:45]} 46. Qh1 {[%clk 0:35:27]} Qc4 {[%clk 0:22:44]} 47. Qf3 {[%clk 0:35:52]}
Re4 {[%clk 0:22:01]} 48. Kg2 {[%clk 0:36:15]} Rxe5 {[%clk 0:21:50]} 49. dxe5
{[%clk 0:36:39]} Qe4 {[%clk 0:20:40]} 50. Rd4 {[%clk 0:36:41]} Qxe5 {[%clk
0:20:32]} 51. Qh5 {[%clk 0:34:50]} Rf6 {[%clk 0:17:38]} 52. Rb4 {[%clk 0:34:09]}
Qxc3 {[%clk 0:16:40]} 53. Rxb5 {[%clk 0:34:31]} Qc6 {[%clk 0:15:06]} 54. Rb8
{[%clk 0:34:47]} d4+ {[%clk 0:14:47]} 55. Kh2 {[%clk 0:35:11]} Ke7 {[%clk
0:14:58]} 56. Qd1 {[%clk 0:34:30]} e5 {[%clk 0:14:15]} 57. Qd2 {[%clk 0:34:23]}
Rd6 {[%clk 0:13:43]} 58. Rh8 {[%clk 0:34:21]} Qc3 {[%clk 0:12:57]} 59. Rh7+
{[%clk 0:33:22]} Kf8 {[%clk 0:12:40]} 60. Qe2 {[%clk 0:33:09]} d3 {[%clk
0:09:03]} 61. Qh5 {[%clk 0:32:44]} Rf6 {[%clk 0:09:27]} 62. Qh4 {[%clk 0:32:53]}
e4 {[%clk 0:09:37]} 63. Qf4 {[%clk 0:32:40]} Kg8 {[%clk 0:08:31]} 64. Rc7 {[%clk
0:31:52]} Qa5 {[%clk 0:07:59]} 65. Rd7 {[%clk 0:31:48]} Qb6 {[%clk 0:07:50]} 66.
Kh3 {[%clk 0:24:43]} Qe6 {[%clk 0:05:09]} 67. Rd8+ {[%clk 0:24:55]} Kg7 {[%clk
0:05:11]} 68. Qc7+ {[%clk 0:25:04]} Rf7 {[%clk 0:05:28]} 69. Qf4 {[%clk 0:25:12]}
Rd7 {[%clk 0:05:48]} 70. Ra8 {[%clk 0:24:59]} d2 {[%clk 0:05:34]} 71. Qb8 {[%clk
0:25:25]} d1Q {[%clk 0:03:17]} 72. Qh8+ {[%clk 0:25:45]} Kg6 {[%clk 0:03:43]} 73.
Rg8+ {[%clk 0:26:09]} Kh5 {[%clk 0:03:33]} 0-1

[Event "U14 Polish Youth Championship"]
[Site "chess24.com"]
[Date "2018.05.05"]
[Round "9"]
[White "Majewski, Krzysztof"]
[Black "Czechowski, Jakub"]
[Result "1-0"]
[Board "14"]
[WhiteElo "1555"]
[WhiteCountry "POL"]
[WhiteFideId "21800456"]
[WhiteEloChange "16"]
[BlackElo "1770"]
[BlackCountry "POL"]
[BlackFideId "21820511"]
[BlackEloChange "-16"]

1. c4 {[%clk 1:30:56]} Nf6 {[%clk 1:30:53]} 2. g3 {[%clk 1:31:20]} g6 {[%clk
1:31:20]} 3. Bg2 {[%clk 1:31:47]} c6 {[%clk 1:31:46]} 4. Nc3 {[%clk 1:32:12]} d5
{[%clk 1:32:09]} 5. cxd5 {[%clk 1:32:30]} cxd5 {[%clk 1:32:38]} 6. d4 {[%clk
1:32:52]} Bg7 {[%clk 1:33:05]} 7. Nf3 {[%clk 1:33:17]} O-O {[%clk 1:33:32]} 8.
O-O {[%clk 1:33:43]} Nc6 {[%clk 1:34:01]} 9. Re1 {[%clk 1:33:21]} Qb6 {[%clk
1:32:00]} 10. Qb3 {[%clk 1:30:47]} Bg4 {[%clk 1:30:28]} 11. Qxb6 {[%clk 1:29:33]}
axb6 {[%clk 1:30:52]} 12. Be3 {[%clk 1:29:09]} Nb4 {[%clk 1:29:42]} 13. Rec1
{[%clk 1:29:22]} Bf5 {[%clk 1:28:26]} 14. Nh4 {[%clk 1:28:12]} Be6 {[%clk
1:25:03]} 15. a3 {[%clk 1:28:29]} Nc6 {[%clk 1:25:28]} 16. h3 {[%clk 1:27:10]}
Na5 {[%clk 1:23:07]} 17. Rd1 {[%clk 1:27:05]} Nc4 {[%clk 1:20:44]} 18. Bc1 {[%clk
1:23:10]} Rfc8 {[%clk 1:17:57]} 19. a4 {[%clk 1:21:52]} h6 {[%clk 1:13:02]} 20.
e4 {[%clk 1:17:56]} dxe4 {[%clk 1:11:50]} 21. Nxe4 {[%clk 1:18:19]} Nxe4 {[%clk
1:12:15]} 22. Bxe4 {[%clk 1:18:38]} Nd6 {[%clk 1:12:43]} 23. Bg2 {[%clk 1:18:20]}
g5 {[%clk 1:12:10]} 24. Nf3 {[%clk 1:18:42]} Bb3 {[%clk 1:08:06]} 25. Re1 {[%clk
1:18:58]} Rxa4 {[%clk 1:08:31]} 26. Rxa4 {[%clk 1:19:19]} Bxa4 {[%clk 1:08:59]}
27. Bd2 {[%clk 1:17:58]} Bf6 {[%clk 1:05:30]} 28. Ne5 {[%clk 1:11:56]} Bc6 {[%clk
1:00:35]} 29. Bb4 {[%clk 1:09:27]} Bxg2 {[%clk 0:58:19]} 30. Kxg2 {[%clk
1:09:47]} Nb5 {[%clk 0:51:01]} 31. Ng4 {[%clk 1:08:19]} Bxd4 {[%clk 0:47:19]} 32.
Rxe7 {[%clk 1:08:26]} Rc2 {[%clk 0:46:26]} 33. Nxh6+ {[%clk 1:07:38]} Kh7 {[%clk
0:46:41]} 34. Ng4 {[%clk 1:07:41]} Rxb2 {[%clk 0:44:51]} 35. Be1 {[%clk 1:06:48]}
Kg6 {[%clk 0:43:06]} 36. Rxb7 {[%clk 1:07:01]} f5 {[%clk 0:40:07]} 37. Nh2 {[%clk
1:07:06]} Nd6 {[%clk 0:37:20]} 38. Rd7 {[%clk 1:05:43]} Bc5 {[%clk 0:36:30]} 39.
Nf3 {[%clk 1:05:54]} Ne4 {[%clk 0:33:59]} 40. Ne5+ {[%clk 1:06:14]} Kf6 {[%clk
0:32:22]} 41. Nd3 {[%clk 1:06:36]} Ra2 {[%clk 0:30:40]} 42. Kf1 {[%clk 1:00:56]}
Ke6 {[%clk 0:30:43]} 43. Rd8 {[%clk 1:01:11]} Ra1 {[%clk 0:29:04]} 44. Ke2 {[%clk
0:59:50]} Bd6 {[%clk 0:25:59]} 45. g4 {[%clk 0:57:03]} f4 {[%clk 0:23:41]} 46.
Bb4 {[%clk 0:53:22]} Ra2+ {[%clk 0:16:07]} 47. Ke1 {[%clk 0:53:33]} Bxb4+ {[%clk
0:16:25]} 48. Nxb4 {[%clk 0:53:57]} Nxf2 {[%clk 0:16:19]} 49. Nxa2 {[%clk
0:54:17]} 1-0

[Event "U14 Polish Youth Championship"]
[Site "chess24.com"]
[Date "2018.05.05"]
[Round "9"]
[White "Bachor, Tomasz"]
[Black "Wolaniecki, Patryk"]
[Result "1-0"]
[Board "15"]
[WhiteElo "1953"]
[WhiteCountry "POL"]
[WhiteFideId "21814694"]
[WhiteEloChange "5"]
[BlackElo "1762"]
[BlackCountry "POL"]
[BlackFideId "1193783"]
[BlackEloChange "-5"]

1. e4 {[%clk 1:30:54]} c5 {[%clk 1:31:00]} 2. b3 {[%clk 1:31:13]} e6 {[%clk
1:31:26]} 3. Bb2 {[%clk 1:31:35]} d5 {[%clk 1:31:53]} 4. exd5 {[%clk 1:31:31]}
exd5 {[%clk 1:32:21]} 5. d4 {[%clk 1:30:48]} Nf6 {[%clk 1:29:44]} 6. Nf3 {[%clk
1:28:58]} Nc6 {[%clk 1:18:55]} 7. Nbd2 {[%clk 1:24:07]} Bd6 {[%clk 1:14:49]} 8.
Bd3 {[%clk 1:16:16]} O-O {[%clk 1:10:50]} 9. O-O {[%clk 1:13:52]} Bg4 {[%clk
1:10:45]} 10. h3 {[%clk 1:12:51]} Bh5 {[%clk 1:10:42]} 11. Qc1 {[%clk 1:09:35]}
Nb4 {[%clk 1:10:00]} 12. Ne5 {[%clk 1:04:22]} Nxd3 {[%clk 1:09:20]} 13. cxd3
{[%clk 1:03:15]} cxd4 {[%clk 1:07:17]} 14. Ndf3 {[%clk 1:00:42]} Nd7 {[%clk
0:59:24]} 15. Nxd7 {[%clk 0:56:51]} Qxd7 {[%clk 0:51:37]} 16. Nxd4 {[%clk
0:55:54]} Rfe8 {[%clk 0:34:54]} 17. Qd2 {[%clk 0:50:12]} Bg6 {[%clk 0:25:59]} 18.
Rac1 {[%clk 0:47:04]} Rac8 {[%clk 0:21:19]} 19. f4 {[%clk 0:44:44]} Bc5 {[%clk
0:15:29]} 20. Rxc5 {[%clk 0:39:58]} Rxc5 {[%clk 0:15:35]} 21. f5 {[%clk 0:40:13]}
Bh5 {[%clk 0:09:45]} 22. Qg5 {[%clk 0:34:00]} Bg6 {[%clk 0:05:43]} 23. fxg6
{[%clk 0:34:19]} hxg6 {[%clk 0:06:10]} 24. h4 {[%clk 0:32:58]} Ra5 {[%clk
0:01:04]} 25. a3 {[%clk 0:30:56]} Qe7 {[%clk 0:00:46]} 26. Qg4 {[%clk 0:29:41]}
Qe3+ {[%clk 0:00:45]} 27. Kh1 {[%clk 0:29:52]} Qxd3 {[%clk 0:01:07]} 28. Qf3
{[%clk 0:28:42]} Qxf3 {[%clk 0:01:30]} 29. gxf3 {[%clk 0:28:30]} Rc5 {[%clk
0:01:43]} 30. Kg2 {[%clk 0:28:01]} f6 {[%clk 0:01:11]} 31. a4 {[%clk 0:27:26]}
Kf7 {[%clk 0:01:25]} 32. Rf2 {[%clk 0:27:38]} a6 {[%clk 0:01:11]} 33. Rd2 {[%clk
0:26:37]} Re7 {[%clk 0:01:10]} 34. Ba3 {[%clk 0:26:39]} Rcc7 {[%clk 0:01:09]} 35.
Bxe7 {[%clk 0:26:37]} Rxe7 {[%clk 0:01:32]} 36. Kf2 {[%clk 0:26:41]} Rc7 {[%clk
0:00:57]} 37. Ne2 {[%clk 0:26:22]} Rc5 {[%clk 0:00:49]} 38. Nf4 {[%clk 0:25:36]}
Rc3 {[%clk 0:00:56]} 39. Rd3 {[%clk 0:25:34]} Rc2+ {[%clk 0:01:20]} 40. Ke3
{[%clk 0:25:57]} Rb2 {[%clk 0:01:39]} 41. Nxd5 {[%clk 0:26:15]} Kg8 {[%clk
0:01:41]} 42. Kd4 {[%clk 0:26:23]} Rh2 {[%clk 0:02:05]} 43. Kc5 {[%clk 0:26:36]}
b5 {[%clk 0:00:59]} 44. a5 {[%clk 0:26:50]} Rc2+ {[%clk 0:00:44]} 45. Kb6 {[%clk
0:27:08]} Kf7 {[%clk 0:00:51]} 46. Kxa6 {[%clk 0:27:29]} Ra2 {[%clk 0:01:00]} 47.
Kb6 {[%clk 0:27:43]} Ke6 {[%clk 0:01:16]} 48. Nc7+ {[%clk 0:28:02]} Kf5 {[%clk
0:01:35]} 49. a6 {[%clk 0:28:26]} g5 {[%clk 0:02:03]} 50. hxg5 {[%clk 0:28:48]}
Kxg5 {[%clk 0:02:29]} 51. a7 {[%clk 0:29:10]} Kf4 {[%clk 0:02:48]} 52. Na6 {[%clk
0:29:32]} g5 {[%clk 0:03:10]} 53. a8Q {[%clk 0:29:55]} 1-0

[Event "U14 Polish Youth Championship"]
[Site "chess24.com"]
[Date "2018.05.05"]
[Round "9"]
[White "Luberanski, Jakub"]
[Black "Kozlowski, Michal"]
[Result "1/2-1/2"]
[Board "16"]
[WhiteElo "1880"]
[WhiteCountry "POL"]
[WhiteFideId "21830509"]
[WhiteEloChange "-6"]
[BlackElo "1648"]
[BlackCountry "POL"]
[BlackFideId "21838194"]
[BlackEloChange "6"]

1. e4 {[%clk 1:30:59]} c5 {[%clk 1:30:56]} 2. Nf3 {[%clk 1:31:23]} Nc6 {[%clk
1:30:50]} 3. d4 {[%clk 1:31:50]} cxd4 {[%clk 1:31:15]} 4. Nxd4 {[%clk 1:32:19]}
Nf6 {[%clk 1:31:37]} 5. Nc3 {[%clk 1:32:45]} e5 {[%clk 1:32:03]} 6. Ndb5 {[%clk
1:33:11]} d6 {[%clk 1:32:29]} 7. Bg5 {[%clk 1:33:37]} a6 {[%clk 1:32:55]} 8. Na3
{[%clk 1:34:03]} b5 {[%clk 1:33:21]} 9. Bxf6 {[%clk 1:33:41]} gxf6 {[%clk
1:29:12]} 10. Nd5 {[%clk 1:33:58]} f5 {[%clk 1:26:12]} 11. g3 {[%clk 1:31:02]}
Bg7 {[%clk 1:16:19]} 12. Bg2 {[%clk 1:29:03]} O-O {[%clk 1:11:25]} 13. O-O {[%clk
1:28:04]} fxe4 {[%clk 1:07:51]} 14. Bxe4 {[%clk 1:26:07]} f5 {[%clk 1:07:16]} 15.
Bg2 {[%clk 1:25:26]} e4 {[%clk 0:54:39]} 16. c3 {[%clk 1:23:59]} b4 {[%clk
0:41:11]} 17. Nxb4 {[%clk 1:21:18]} Nxb4 {[%clk 0:41:23]} 18. Qb3+ {[%clk
1:20:56]} Kh8 {[%clk 0:41:46]} 19. Qxb4 {[%clk 1:21:20]} Be6 {[%clk 0:42:00]} 20.
Rfd1 {[%clk 1:14:48]} d5 {[%clk 0:41:55]} 21. Nc2 {[%clk 1:10:29]} Rb8 {[%clk
0:41:10]} 22. Qa3 {[%clk 1:08:55]} Qb6 {[%clk 0:38:50]} 23. Rab1 {[%clk 0:58:45]}
f4 {[%clk 0:35:06]} 24. Nd4 {[%clk 0:42:45]} Bg4 {[%clk 0:34:58]} 25. Rdc1 {[%clk
0:42:47]} fxg3 {[%clk 0:34:21]} 26. hxg3 {[%clk 0:43:00]} Bxd4 {[%clk 0:27:59]}
27. cxd4 {[%clk 0:43:22]} Qxd4 {[%clk 0:28:24]} 28. Qc3 {[%clk 0:43:27]} Qxc3
{[%clk 0:28:42]} 29. Rxc3 {[%clk 0:38:52]} Be2 {[%clk 0:28:35]} 30. Bf1 {[%clk
0:30:19]} Bxf1 {[%clk 0:28:41]} 31. Kxf1 {[%clk 0:30:44]} Rfc8 {[%clk 0:20:16]}
32. Rxc8+ {[%clk 0:29:10]} Rxc8 {[%clk 0:20:41]} 33. Rd1 {[%clk 0:29:32]} Rc5
{[%clk 0:18:00]} 34. b4 {[%clk 0:25:59]} Rb5 {[%clk 0:18:25]} 35. Rd4 {[%clk
0:23:43]} a5 {[%clk 0:18:40]} 36. bxa5 {[%clk 0:20:23]} Rxa5 {[%clk 0:19:05]} 37.
a4 {[%clk 0:18:14]} Kg7 {[%clk 0:19:05]} 1/2-1/2